[Event "HCL-B3854"]
[Site "www.playchess.de"]
[Date "2006.02.02"]
[Round "3"]
[White "Phileas"]
[Black "Mongol"]
[WhiteElo "1467"]
[BlackElo "1385"]
[PlyCount "43"]
[Result "1-0"]

1.c4 {good luck! Thanks for the game}  Nf6 {Good 
luck!}  2.Nc3 {merci! :)}  e5 3.e4 Bc5 4.d3 d6 
5.Bg5 Nc6 6.Nf3 h6 7.Bxf6 Qxf6 8.Be2 Qg6 9.g3 Nd4 
10.Nd5 O-O 11.Ne7+ Kh7 12.Nxg6 Bb4+ 13.Nd2 fxg6 
14.a3 Bc5 15.f3 {I would like to learn more about 
your country, and how you see Russia and your new 
inclusion in the EU.}  Bh3 {I like Russia and I 
disapprove completely our inclusion in the EU.}  
16.Bf1 {What you are saying is really interesting. 
Is this the common idea in your country? From the 
statistics, I can guess that not many people wish 
to leave your country. I am surprised, in a sense, 
although I think it is quite brave.}  Nxf3+ {It's 
not common idea  in my country.The peoples in 
Latvia have the different opinions about it. 
Unfortunately, we are divided here. It depend on  
ethnic nationality. I am Russian by ethnic 
nationality and others Russians have the same 
opinion so I.}  17.Nxf3 {I see. This means that 
you think that Latvia should be still part of 
Russia. Do you think that the future of your 
country can be good, eventhough you joined the 
EU?}  Bg4 {I don't think that Latvia should be 
still part of Russia.I insist that I don't think 
it.I have voted for the  sovereignty of Latvia.But 
I think that we lost our independence when we 
entered EU.}  18.Bg2 {I understand. It is probably 
true that you lost your independence. But don't 
you think your country as a whole has something to 
gain from its association with similar-thinking 
countries?}  Rf6 {I know nothing about it,but 
worst of all that our politicans know nothing 
about it.I think that persons which have made a 
resolve to join EU live out of Latvia. I am sorry 
my English is not good. I try to learn it.}  
19.Rf1 {I see. I think you are right. Politicians 
are not the best to make decisions, unfortunately. 
Your English is honestly very good. You must be an 
intellectual. It is courageous to wish one's 
country to become strong independently.}  Be3 {I 
am sure that in the  modern situation of policy it 
is impossible for small countries. EU controls of 
our economics, USA does of our politics.May be it 
is  rightly, i don't know.}  20.Qe2 {not sure what 
is right and what is wrong. But I agree it's tough 
for small countries. It is good that there are 
some people thinking as you are.}  Bg5 {Many 
thanks.Have you discussed this matter with anyone 
from Latvia?}  21.Nxg5+ {no, unfortunately, I have 
never discussed this with anyone from Latvia, 
except you. It is a tough call...}  Kg8 {Good 
luck!!!}  22.Qxg4 {yes, good luck to you too. :)} 
 1-0

[Event "ACL-A655"]
[Site "www.playchess.de"]
[Date "2006.02.02"]
[Round "18"]
[White "novice1"]
[Black "Kimura"]
[WhiteElo "1500"]
[BlackElo "1856"]
[PlyCount "20"]
[Result "0-1"]

1.e4 e5 2.Nf3 Nc6 3.Nc3 Nf6 4.Bc4 Nxe4 5.d4 Nxc3 
6.bxc3 d5 7.Bb5 e4 8.Ne5 Qf6 9.h4 h6 10.Bb2 
Be7 0-1

[Event "HCL-A2570"]
[Site "www.playchess.de"]
[Date "2006.02.02"]
[Round "7"]
[White "Sizilianer"]
[Black "earlyrunner"]
[WhiteElo "1700"]
[BlackElo "1600"]
[PlyCount "36"]
[Result "0-1"]

1.d4 d5 2.Nf3 Nf6 3.e3 Bf5 4.Bd3 Bxd3 5.cxd3 e6 
6.O-O c5 7.Nc3 Nc6 8.dxc5 Bxc5 9.d4 Bd6 10.Nb5 O-O 
11.Nxd6 Qxd6 12.b3 Rac8 13.a4 a5 14.Ba3 Nb4 15.Qd2 
Ne4 16.Qe2 f6 17.Rac1 Qb6 18.Rfd1 
Nc3 0-1

[Event "HCL-A2556"]
[Site "www.playchess.de"]
[Date "2006.02.02"]
[Round "1"]
[White "archship"]
[Black "Serger"]
[WhiteElo "1208"]
[BlackElo "1355"]
[PlyCount "37"]
[Result "1-0"]

1.e4 e6 2.Bc4 d5 3.exd5 exd5 4.Bb3 Nf6 5.Nf3 Nc6 
6.d3 Bc5 7.Bg5 Qe7+ 8.Qe2 Qxe2+ 9.Kxe2 Ng4 10.Bh4 
O-O 11.h3 Re8+ 12.Kd2 Nge5 13.Nxe5 Nxe5 14.Re1 Be6 
15.Rxe5 Bb4+ 16.c3 Ba5 17.Na3 c5 18.Bxd5 Bxd5 
19.Rxd5 1-0

[Event "HCL-B3821"]
[Site "www.playchess.de"]
[Date "2006.02.02"]
[Round "10"]
[White "scotty4u"]
[Black "maus"]
[WhiteElo "1336"]
[BlackElo "1327"]
[PlyCount "64"]
[Result "0-1"]

1.e4 e5 2.Bc4 Nf6 3.Nc3 h6 4.Nf3 Nc6 5.d4 exd4 
6.Nxd4 Nxd4 7.Qxd4 c5 8.Qe5+ Qe7 9.Qf4 d6 10.O-O 
Qe5 11.Re1 Be7 12.Nd5 Nxd5 13.Bxd5 O-O {(offering 
draw)}  14.Qxe5 dxe5 15.Re3 Re8 16.Rg3 g5 17.Bc4 
Kg7 18.f4 exf4 19.Bxf4 Bf6 20.c3 Rxe4 21.Bxf7 Kxf7 
22.Bd6 Be5 23.Rf3+ Kg6 24.Bxc5 Bg4 25.Rf2 b6 
26.Bb4 Bf5 27.Raf1 Bf4 28.Kh1 Be6 29.g3 Be3 
30.R2f6+ Kh7 31.Kg2 Bd5 32.h3 Rxb4+ {???} 
 0-1

[Event "HCL-C4054"]
[Site "www.playchess.de"]
[Date "2006.02.02"]
[Round "21"]
[White "Idris"]
[Black "pytolo98"]
[WhiteElo "880"]
[BlackElo "1232"]
[PlyCount "64"]
[Result "0-1"]

1.e4 e5 2.Nf3 Qf6 3.Bc4 Bc5 4.O-O d6 5.d3 Bg4 
6.Nbd2 a6 7.h3 Bh5 8.b3 Ne7 9.Qe1 Bb4 10.Qe2 Bc3 
11.Rb1 Bxd2 12.Bxd2 Bxf3 13.Qxf3 Qxf3 14.gxf3 O-O 
15.Bg5 Nec6 16.Be3 Ne7 17.f4 Nbc6 18.f5 h6 19.f4 
exf4 20.Bxf4 Nd4 21.Be3 Nxc2 22.b4 Nxe3 23.Rfc1 
Nxc4 24.Rxc4 c6 25.Rf1 f6 26.Re1 d5 27.exd5 Nxd5 
28.Re2 a5 29.Rc5 Nxb4 30.a3 Nxd3 31.Rec2 Nxc5 
32.Kg2 Nb3 0-1

[Event "HCL-B3835"]
[Site "www.playchess.de"]
[Date "2006.02.02"]
[Round "2"]
[White "slavi"]
[Black "christianxxl"]
[WhiteElo "1538"]
[BlackElo "1442"]
[PlyCount "25"]
[Result "1-0"]

1.e4 {Hi from Bulgaria...}  e6 2.d4 d5 3.Nd2 c5 
4.exd5 cxd4 5.Nb3 Qxd5 6.Nf3 Nc6 7.Nbxd4 Nxd4 
8.Qxd4 Nf6 9.Qxd5 Nxd5 10.Bb5+ Bd7 11.Bxd7+ Kxd7 
12.Ne5+ Kd6 13.Nxf7+ 1-0

[Event "HCL-C4016"]
[Site "www.playchess.de"]
[Date "2006.02.02"]
[Round "1"]
[White "Idris"]
[Black "Grunert"]
[WhiteElo "880"]
[BlackElo "929"]
[PlyCount "32"]
[Result "0-1"]

1.e4 {Happy New Year!}  e5 {yes, happy new year!}  
2.Nf3 d6 3.d3 Nc6 4.Be2 Nf6 5.Nfd2 g6 6.Nc3 Bg7 
7.b3 O-O 8.Bb2 Be6 9.O-O Nd4 10.Nd5 Bxd5 11.exd5 
Nxd5 12.Ne4 Nxe2+ 13.Qxe2 a6 14.Ng5 Qxg5 15.c4 Nf4 
16.g3 Nxe2+ {???}  0-1

[Event "HCL-E1544"]
[Site "www.playchess.de"]
[Date "2006.02.02"]
[Round "2"]
[White "Matu"]
[Black "Eishockeytorwart"]
[WhiteElo "1494"]
[BlackElo "1949"]
[PlyCount "32"]
[Result "0-1"]

1.Nf3 Nf6 2.b3 d5 3.Bb2 Bg4 4.h3 Bxf3 5.exf3 Nbd7 
6.d4 e6 7.Nd2 Be7 8.Bd3 O-O 9.O-O c5 10.dxc5 Nxc5 
11.Qe2 Nxd3 12.Qxd3 Nh5 13.c4 Nf4 14.Qc2 Bb4 
15.cxd5 Bxd2 16.Qxd2 Qg5 0-1

[Event "HCL-A2557"]
[Site "www.playchess.de"]
[Date "2006.02.02"]
[Round "17"]
[White "scaper"]
[Black "earlyrunner"]
[WhiteElo "1402"]
[BlackElo "1600"]
[PlyCount "31"]
[Result "1-0"]

1.d4 d5 2.e4 dxe4 3.f3 exf3 4.Nxf3 e6 5.Bc4 Nf6 
6.O-O b6 7.Nc3 Bb7 8.Bg5 Be7 9.Qe2 O-O 10.Rad1 Re8 
11.Ne5 a6 12.Nxf7 Kxf7 13.Qxe6+ Kg6 14.Qf5+ Kh5 
15.Bf4+ Kh4 {Good game - nice combination!}  
16.g3+ {thanks- i enjoyed it very much while very 
surprising!}  1-0

[Event "HCL-E1538"]
[Site "www.playchess.de"]
[Date "2006.02.02"]
[Round "9"]
[White "Matu"]
[Black "vvv_v"]
[WhiteElo "1461"]
[BlackElo "1840"]
[PlyCount "60"]
[Result "0-1"]

1.Nf3 d5 2.b3 Nc6 3.Bb2 Bf5 4.e3 e6 5.d4 Nf6 6.a3 
Be7 7.Bd3 Bxd3 8.Qxd3 h6 9.Nbd2 O-O 10.c4 b6 11.b4 
a5 12.b5 Na7 13.a4 c6 14.cxd5 Nxd5 15.bxc6 Nxc6 
16.O-O Ncb4 17.Qb3 Qe8 18.Rfc1 b5 19.axb5 Qxb5 
20.Ba3 Rfc8 21.Rc4 a4 22.Rxc8+ Rxc8 23.Qd1 Nc3 
24.Qf1 Nc2 25.Qxb5 Nxb5 26.Bxe7 Nxa1 27.g3 Nb3 
28.Nxb3 axb3 29.Nd2 Rc1+ 30.Kg2 
b2 0-1

[Event "HCL-C4090"]
[Site "www.playchess.de"]
[Date "2006.02.02"]
[Round "3"]
[White "spartan1"]
[Black "tbouma"]
[WhiteElo "928"]
[BlackElo "1141"]
[PlyCount "78"]
[Result "0-1"]

1.Nc3 d5 2.d4 c6 3.e4 e6 4.e5 Bb4 5.Bd2 Ne7 6.a3 
Ba5 7.b4 Bb6 8.Be3 Nf5 9.Bd3 Nxe3 10.fxe3 O-O 
11.Nh3 Qh4+ 12.Kd2 Nd7 13.Qe1 Qg4 14.Qg3 Qxg3 
15.hxg3 f6 16.g4 fxe5 17.Ng5 Nf6 18.Bxh7+ Nxh7 
19.Nxh7 Rf2+ 20.Ne2 exd4 21.exd4 Bxd4 22.Rad1 e5 
23.Rdf1 Rxf1 24.Rxf1 Bxg4 25.Nf8 Rxf8 26.Rxf8+ 
Kxf8 27.c3 Bb6 28.a4 Bxe2 29.Kxe2 c5 30.b5 Kf7 
31.Kf3 e4+ 32.Kf4 Kf6 33.g4 Bc7+ 34.Ke3 Ke5 35.g5 
c4 36.g6 Ba5 37.Kd2 d4 38.Kc2 Bxc3 39.a5 {It is an 
exercise in futility for me. Good game. I will 
resign on next move. Good luck.}  e3 {thank you 
for the game - all the best from Ottawa} 
 0-1

[Event "ACL-M065"]
[Site "www.playchess.de"]
[Date "2006.02.02"]
[Round "34"]
[White "Lullo"]
[Black "msdnewmex"]
[WhiteElo "2171"]
[BlackElo "2064"]
[PlyCount "55"]
[Result "1-0"]

1.d4 {Yooh, have a nice game}  d5 {Same to you.  
Someday I will have white in the meantime, I will 
just struggle on. :-)}  2.Nf3 c6 3.c4 Nf6 4.Nc3 
dxc4 5.a4 Bf5 6.Ne5 Na6 7.e3 Nb4 8.Bxc4 e6 9.O-O 
h6 {Well here I go again.  Cramped and defending!  
I must be a glutten for punishment.  :-)}  10.Qf3 
{A Glutten ? Whats that ? Anyhow, still theory I 
Think.}  Bh7 {A glutten is someone who does 
something in excess, like eat, even though they 
know it will be bad for them.  We were in theory, 
at least, in my limited resources on the Slav 
until you played Qf3.  I'm still looking for a 
defense to d4 I like.}  11.a5 {Yeah not easy to 
find a nice D4 defense. For OTB play I also use 
the Slav but are looking for something else. I 
tried the Budapest but that did not work out 
either. I maybe should go to the KID or Grunfeld.} 
 a6 {I've played the Dutch, Nimzo-Queens Indian 
and Modern Benoni because they somewhat fit into a 
system.  I've always avoided the KID and 
Gruenfeld.  Your are right, I may have to try the 
KID.  A great deal of theory to digest.}  12.Qg3 
Qc7 13.Bd2 Rd8 14.f4 Bf5 15.e4 Bh7 {Pretty Move!  
I certainly missed it.}  16.Rad1 Rxd4 {I thought I 
was crushed, but maybe not!}  17.Be3 {Are you 
really sure this is a good move :)}  c5 {No its 
not a good move, but the only one that extends the 
game slightly.  I missed completely the e4 move 
and its disaster.  My sense of danger failed.  
Live and learn.}  18.Qh3 Rxd1 19.Rxd1 Bg8 20.Bb3 
Be7 {I'm not going to make you grind this out but 
I'm still looking for a way to survive.  The 14th 
move was a killer.}  21.Ba4+ {This all looks good 
for me, but no definite win yet.}  Nc6 {Have you 
heard anything on the ACL Swiss?  Since you are 
the leader I thought you might have received some 
information.}  22.Qg3 {I mailed Thomas a few 
months ago and he said it would start shortly  ? 
So its all a bit slow.}  g6 {I did the same and 
then there was the notice the Swiss tournaments 
would start in the middle of January, so it is 
slow.}  23.Qf2 Bh7 24.Bxc5 O-O 25.Bxe7 Qxe7 
26.Bxc6 bxc6 27.Qb6 Ra8 {I'm still looking for a 
way to obtain some kind of future.  :-(  Well 
thought out deviation from theory.}  
28.Nxc6 1-0

[Event "ACL-E211"]
[Site "www.playchess.de"]
[Date "2006.02.02"]
[Round "13"]
[White "Walter"]
[Black "The_Silencer"]
[WhiteElo "1903"]
[BlackElo "1858"]
[PlyCount "24"]
[Result "0-1"]

1.d4 {Let the games begin....}  Nf6 2.c4 e6 3.Nc3 
Bb4 4.Qc2 O-O 5.a3 Bxc3+ 6.Qxc3 b6 7.Bg5 Bb7 8.Nf3 
h6 9.Bh4 d6 10.e3 Nbd7 11.Be2 c5 12.O-O {(offering 
draw)}  g5 0-1

[Event "HCL-E1568"]
[Site "www.playchess.de"]
[Date "2006.02.02"]
[Round "5"]
[White "alldrix"]
[Black "XANDERKIRV"]
[WhiteElo "1621"]
[BlackElo "1464"]
[PlyCount "91"]
[Result "1-0"]

1.e4 c5 2.b4 cxb4 3.d4 e6 4.Nf3 h6 5.Bd3 a6 6.O-O 
d6 7.Bb2 b5 8.Nbd2 Bb7 9.Re1 Be7 10.e5 Nd7 11.Ne4 
d5 12.Ned2 Nb6 13.h3 Bg5 14.Nh2 Bxd2 15.Qxd2 Qe7 
16.Qe2 Nc4 17.Bc1 a5 18.f4 Qd7 19.Rf1 Ne7 20.Bxc4 
bxc4 21.g4 Ba6 22.Qf2 a4 23.f5 exf5 24.gxf5 O-O-O 
25.Bd2 c3 26.Be3 Bxf1 27.Rxf1 Qb5 28.Rb1 Nc6 
29.Qe1 Qc4 30.Nf3 Qxa2 31.Qd1 Qc4 32.Ne1 b3 
33.cxb3 axb3 34.Rxb3 Kc7 35.e6 g5 36.fxg6 Rhg8 
37.e7 Rxg6+ 38.Kh2 Nxe7 39.Bf4+ Kc6 40.Nd3 c2 
41.Ne5+ Kd6 42.Nxc4+ Ke6 43.Qxc2 dxc4 44.Qxc4+ Kf6 
45.Be5+ Kg5 46.Rg3+ 1-0

[Event "HCL-C4099"]
[Site "www.playchess.de"]
[Date "2006.02.02"]
[Round "1"]
[White "spartan1"]
[Black "donsimon"]
[WhiteElo "928"]
[BlackElo "1025"]
[PlyCount "82"]
[Result "0-1"]

1.e4 e5 2.Nc3 Nf6 3.d4 exd4 4.Qxd4 Bd6 5.Bg5 Nc6 
6.Qd2 h6 7.Bf4 O-O 8.Bxd6 cxd6 9.O-O-O Qe7 10.a3 
Qe6 11.g3 Nxe4 12.Nxe4 Qxe4 13.Bg2 Qxg2 14.Ne2 b5 
15.Nf4 Qf3 16.Rhe1 Ne5 17.Qxd6 Nc4 18.Qc5 a6 
19.Qd4 d6 20.Nd5 Kh8 21.Nc7 Rb8 22.Ne8 f6 23.Nxd6 
Nxd6 24.Qxd6 Bb7 25.Qf4 Qxf4+ 26.gxf4 Bf3 27.Rd3 
Rfe8 28.Rxe8+ Rxe8 29.Rxf3 Re1+ 30.Kd2 Rb1 31.b4 
Kh7 32.f5 h5 33.Re3 Ra1 34.h4 Rh1 35.Re6 Rxh4 
36.Rxa6 Rf4 37.Ke3 Rxf5 38.Rb6 h4 39.Ke2 h3 40.Kf1 
Rg5 41.Ke2 {Well done. Maybe I will have better 
luck should we meet again.}  h2 {Yes, sometimes 
you need some luck. There are times you can push 
it a little, but you can never force it.} 
 0-1

[Event "HCL-T256"]
[Site "www.playchess.de"]
[Date "2006.02.02"]
[Round "12"]
[White "gsmaior"]
[Black "manifold"]
[WhiteElo "2001"]
[BlackElo "1589"]
[PlyCount "21"]
[Result "1-0"]

1.e4 e5 2.f4 exf4 {Hi!}  3.Nf3 {greetings from 
Brazil !}  d5 {I´m pleased to meet you}  4.exd5 
Qxd5 5.Nc3 Qe6+ 6.Be2 Bd6 7.O-O Nf6 8.Bb5+ c6 
9.Re1 cxb5 10.Rxe6+ Bxe6 11.Nxb5 1-0

[Event "ACL-B026"]
[Site "www.playchess.de"]
[Date "2006.02.02"]
[Round "18"]
[White "hal1958"]
[Black "BDG_Girl"]
[WhiteElo "1381"]
[BlackElo "1644"]
[PlyCount "50"]
[Result "0-1"]

1.b4 {have a nice game}  e5 {Hello and good luck!} 
 2.Bb2 f6 3.a3 d5 4.e3 a5 5.b5 Nd7 6.Nf3 Bd6 7.c4 
Ne7 8.cxd5 O-O 9.Bc4 Nb6 10.d3 Nexd5 11.O-O Qe8 
12.Qb3 Be6 13.e4 Nf4 14.Bxe6+ Qxe6 15.Qxe6+ Nxe6 
16.Nbd2 Rfd8 17.Nc4 Nxc4 18.dxc4 Nc5 19.Nd2 Bf8 
20.Rfd1 Na4 21.Bc1 Rd4 22.f3 Rad8 23.Kf1 Bc5 
24.Ke1 R4d3 25.Ke2 Nc3+ 0-1

[Event "HCL-M887"]
[Site "www.playchess.de"]
[Date "2006.02.02"]
[Round "5"]
[White "Duffy"]
[Black "Tapiwa"]
[WhiteElo "1570"]
[BlackElo "1938"]
[PlyCount "62"]
[Result "0-1"]

1.e4 c5 2.Nf3 d6 3.d4 cxd4 4.Nxd4 Nf6 5.Nc3 a6 
6.Bg5 e6 7.f4 Be7 8.Qf3 h6 9.Bh4 O-O 10.O-O-O Qc7 
11.g4 b5 12.Bxf6 Bxf6 13.Rg1 Nc6 14.Nxc6 Qxc6 
15.g5 hxg5 16.fxg5 Be5 17.Rd3 b4 18.Qh5 g6 19.Qh4 
bxc3 20.Rh3 cxb2+ 21.Kb1 Re8 22.Qh7+ Kf8 23.Rf3 
Ra7 24.Bd3 Bg7 25.Qxg6 e5 26.h4 Be6 27.h5 Kg8 
28.Rxf7 Bxf7 29.Qf5 Qb6 30.Rh1 Bxa2+ 31.Kxa2 
Qa5+ 0-1

[Event "HCL-E1541"]
[Site "www.playchess.de"]
[Date "2006.02.02"]
[Round "8"]
[White "alldrix"]
[Black "XANDERKIRV"]
[WhiteElo "1600"]
[BlackElo "1499"]
[PlyCount "92"]
[Result "1-0"]

1.e4 {hi!}  c5 {Hello and good luck.}  2.b4 cxb4 
3.d4 e6 4.Be2 a6 5.Nf3 h6 6.Bb2 d6 7.Nbd2 Be7 
8.O-O Nf6 9.h3 O-O 10.Nh2 Nc6 11.f4 b5 12.e5 Nd7 
13.Bf3 d5 14.Ng4 Qb6 15.Nb3 a5 16.Nc1 a4 17.Ne2 a3 
18.Bc1 f5 19.Nf2 Bh4 20.Be3 Qd8 21.g3 Be7 22.g4 g6 
23.Kh2 Kh7 24.Rg1 Bh4 25.Nd3 Ba6 26.Rb1 Be7 27.Bd2 
{good battle :D}  Rg8 28.gxf5 gxf5 29.Bh5 Rxg1 
30.Qxg1 Qg8 31.Qxg8+ Rxg8 32.Bf7 Nd8 33.Bxg8+ Kxg8 
34.Bxb4 Bxb4 35.Nxb4 Bb7 36.Nd3 Nb6 37.Rxb5 Nc4 
38.Nc5 Bc6 39.Rb8 Ne3 40.Rxd8+ Kg7 41.Nxe6+ Kf7 
42.Rd6 Nxc2 43.Rxc6 Nb4 44.Rb6 Nxa2 45.Nd8+ Ke7 
46.Nc6+ Kd7 1-0

[Event "HCL-A2553"]
[Site "www.playchess.de"]
[Date "2006.02.02"]
[Round "7"]
[White "Chas"]
[Black "superyetkin"]
[WhiteElo "1439"]
[BlackElo "1311"]
[PlyCount "69"]
[Result "1-0"]

1.e4 b6 2.d4 Bb7 3.Bd3 Nf6 4.Nc3 e6 5.Bg5 Be7 
6.Nf3 Nc6 7.O-O Nb4 8.Re1 Nxd3 9.Qxd3 a5 10.a4 Ba6 
11.Qd2 Bb4 12.e5 Bxc3 13.Qxc3 Nd5 14.Qd2 Ne7 15.b3 
h6 16.Bh4 g5 17.Bg3 Nf5 18.c3 Nxg3 19.fxg3 f5 
20.exf6 Qxf6 21.c4 Bb7 22.d5 O-O 23.Ne5 Rad8 24.h4 
exd5 25.cxd5 d6 26.Ng4 Qg7 27.h5 Bc8 28.Ne3 Qf7 
29.g4 Qf4 30.Ref1 Qb4 31.Qd3 Rf4 32.Qg6+ Kf8 
33.Qxh6+ Ke8 34.Qg6+ Kd7 35.Qe6+ 1-0

[Event "HCL-B3853"]
[Site "www.playchess.de"]
[Date "2006.02.02"]
[Round "1"]
[White "GMO"]
[Black "evets"]
[WhiteElo "1361"]
[BlackElo "1367"]
[PlyCount "92"]
[Result "0-1"]

1.e4 e6 2.Bc4 c6 3.d3 d5 4.exd5 exd5 5.Bb3 Nf6 
6.h3 d4 7.Nf3 c5 8.O-O Be7 9.Bg5 O-O 10.Na3 Bd7 
11.Re1 Re8 12.Ne5 Be6 13.Bxe6 fxe6 14.Nec4 Nd5 
15.Bxe7 Qxe7 16.Nb5 Nc6 17.Nbd6 Ref8 18.Qe2 Nf4 
19.Qg4 Rf6 20.a3 h5 21.Qh4 Qf8 22.Re4 e5 23.Nxb7 
Rg6 24.Rxf4 exf4 25.Qxh5 Qf7 26.f3 Re8 27.Nbd6 
Rxg2+ 28.Kxg2 Qxh5 29.Nxe8 Qxe8 30.Kf2 Qh5 31.Rh1 
Qh4+ 32.Ke2 Qg3 33.Rf1 Qxh3 34.Nd2 g5 35.Ne4 Kg7 
36.Nxc5 {Trap my friend, trap!}  g4 37.fxg4 Qg2+ 
38.Rf2 Qxg4+ 39.Ke1 Qg1+ 40.Ke2 Qg4+ 41.Ke1 f3 
42.Ne4 Kg6 43.Kd2 Qf4+ 44.Kd1 Qe3 45.b4 Ne5 46.c4 
Nxd3 0-1

[Event "HCL-E1559"]
[Site "www.playchess.de"]
[Date "2006.02.02"]
[Round "6"]
[White "Maccdavid"]
[Black "hal1958"]
[WhiteElo "1639"]
[BlackElo "1444"]
[PlyCount "101"]
[Result "1-0"]

1.e4 {Hello again and good luck}  e5 {have a nice 
game}  2.Nf3 d6 3.d4 Nf6 4.dxe5 Nxe4 5.Qe2 d5 
6.Nbd2 Nxd2 7.Bxd2 Be6 8.Nd4 Be7 9.Nxe6 fxe6 
10.Qh5+ g6 11.Qg4 Qd7 12.Bd3 a6 13.O-O Nc6 14.Rfe1 
O-O-O 15.Qe2 Nd4 16.Qf1 Qc6 17.c3 Nf5 18.a4 Rhf8 
19.b4 Rf7 20.b5 axb5 21.axb5 Qb6 22.Bxf5 Rxf5 
23.Be3 Bc5 24.Bxc5 Qxc5 25.Rec1 Kd7 26.c4 Ke7 
27.cxd5 Qxd5 28.Rxc7+ Rd7 29.Rxd7+ Qxd7 30.Qe2 Qd4 
31.Re1 b6 32.g3 h5 33.h4 Kf7 34.Qe3 Qxe3 35.Rxe3 
Ke7 36.f4 Rf8 37.Rd3 Rd8 38.Rxd8 Kxd8 39.Kg2 Ke7 
40.Kf3 Kf7 41.g4 Kg7 42.gxh5 gxh5 43.f5 exf5 
44.Kf4 Kg6 45.e6 Kf6 46.e7 Kxe7 47.Kxf5 Kf7 48.Kg5 
Kg7 49.Kxh5 Kf6 50.Kg4 Kg6 51.Kf4 1-0

[Event "HCL-M835"]
[Site "www.playchess.de"]
[Date "2006.02.02"]
[Round "16"]
[White "R_I_C_H"]
[Black "DANTONIFAYARD"]
[WhiteElo "1663"]
[BlackElo "1718"]
[PlyCount "121"]
[Result "1-0"]

1.e4 {Hello and Good Luck!}  c5 2.Nf3 e6 3.d3 Qc7 
4.g3 d6 5.Bg2 g6 6.O-O Bg7 7.Re1 Nd7 8.c3 Ne7 9.a4 
O-O 10.Na3 a6 11.Qb3 Rb8 12.Nc4 b6 13.Bg5 Nc6 
14.Qc2 b5 15.axb5 axb5 16.Ncd2 b4 17.Nc4 Bb7 
18.Bf4 e5 19.Bg5 h6 20.Be3 Nf6 21.h3 Nh7 22.Qd2 g5 
23.h4 g4 24.Nh2 h5 25.f4 bxc3 26.bxc3 f5 27.exf5 
Rxf5 28.Nf1 Ne7 29.Ra7 Nc6 30.Qa2 Kh8 31.Rxb7 Rxb7 
32.Qa6 {Merry Christmas!}  Nd8 {THAMKS...AND HAPPY 
NEW YEAR...}  33.Qxd6 exf4 34.Bxf4 Rxf4 35.Qxf4 
Qxf4 36.gxf4 Rf7 37.Ne5 Bxe5 38.fxe5 Re7 39.Ng3 
Nf7 40.d4 {Wishing you a happy 2006!}  cxd4 
41.cxd4 Nf8 42.Nxh5 Ng6 43.Be4 Nxh4 44.Ra1 Nf3+ 
45.Kg2 Re8 46.Nf6 Rc8 47.Bxf3 gxf3+ 48.Kxf3 Rc3+ 
49.Ke4 Kg7 50.Rg1+ Kh6 51.Kf5 Rf3+ 52.Ke6 Ng5+ 
53.Ke7 Rd3 54.d5 Nf3 55.Rh1+ Kg6 56.e6 Nd4 57.Rg1+ 
Kf5 58.Kf7 Nb5 59.Rf1+ Ke5 60.Nd7+ Kxd5 
61.Rf5+ 1-0

[Event "HCL-A2564"]
[Site "www.playchess.de"]
[Date "2006.02.02"]
[Round "3"]
[White "Matu"]
[Black "scotty4u"]
[WhiteElo "1495"]
[BlackElo "1332"]
[PlyCount "38"]
[Result "0-1"]

1.e4 e5 2.Nf3 Nc6 3.Bc4 h6 4.c3 Nf6 5.d3 d5 6.exd5 
Nxd5 7.O-O Be6 8.Nbd2 Nf4 9.Bxe6 Nxe6 10.Nc4 Bd6 
11.Re1 f6 12.d4 O-O 13.d5 e4 14.dxc6 exf3 15.cxb7 
Rb8 16.Rxe6 Bxh2+ 17.Kxh2 Qxd1 18.Na5 fxg2 19.Kxg2 
Qg4+ 0-1

[Event "HCL-B3856"]
[Site "www.playchess.de"]
[Date "2006.02.02"]
[Round "21"]
[White "Snillie"]
[Black "mitke"]
[WhiteElo "1488"]
[BlackElo "1292"]
[PlyCount "39"]
[Result "1-0"]

1.c4 Nf6 2.g3 g6 3.Bg2 Bg7 4.Nc3 d6 5.d3 O-O 6.Bg5 
Nc6 7.Rb1 h6 8.Bd2 Rb8 9.b4 Qd7 10.Nf3 e5 11.O-O 
Ne7 12.e4 c6 13.Qc1 Kh7 14.d4 exd4 15.Nxd4 Nxe4 
16.Nxe4 Bxd4 17.Bxh6 Re8 18.Be3 Nf5 19.Bxd4 Nxd4 
20.Nf6+ 1-0

[Event "ACL-A645"]
[Site "www.playchess.de"]
[Date "2006.02.02"]
[Round "14"]
[White "birdflu"]
[Black "Palhares"]
[WhiteElo "1100"]
[BlackElo "1787"]
[PlyCount "100"]
[Result "0-1"]

1.d4 {hello, nice to meet you, enjoy the game}  
Nf6 {Hello good game}  2.Bg5 {hello nice to meet 
you, enjoy the game}  Ne4 3.Bh4 g5 4.f3 gxh4 
5.fxe4 c5 6.e3 Bh6 7.Kf2 cxd4 8.exd4 Qb6 9.Nc3 e6 
10.Nf3 Nc6 11.Nb5 O-O 12.c4 d6 13.Nxd6 e5 14.Nxc8 
Rfxc8 15.Qb3 exd4 16.Qxb6 Be3+ 17.Ke1 axb6 18.a3 
Na5 19.Nxh4 Nxc4 20.Bxc4 Rxc4 21.Kd1 Rac8 22.Nf5 
R4c1+ 23.Ke2 R8c2+ 24.Kf3 {(offering draw)}  Rf2+ 
{Let's play a few more moves}  25.Kg3 {yes 
sometimes you don't know what you are in for}  
Rcc2 26.Nxe3 {I got my TB's ready the rook ending 
:-)}  dxe3 27.b4 Rc6 28.Rhf1 Rg6+ 29.Kh3 Rfxg2 
30.Rae1 e2 31.Rf6 Rxh2+ 32.Kxh2 Rxf6 33.Rxe2 Rf3 
34.Rd2 Re3 35.Rd7 Rxe4 36.Rxb7 Re6 37.a4 Kg7 38.b5 
Kg6 39.Ra7 h5 40.Kg3 Re4 41.Ra6 h4+ 42.Kf3 Kf5 
43.Rxb6 Rxa4 44.Rb7 f6 45.Rh7 Rb4 46.b6 {I take my 
hat off, but I still think that this should be a 
draw}  Rb3+ {you are probably right, let me try 
just a few more moves}  47.Kg2 {Ok, good luck! 
Maybe black has still a shot}  Rxb6 48.Rxh4 Kg5 
49.Ra4 Rb2+ 50.Kf3 {(offering draw) If you don't 
agree to the offerde draw, I won't continue the 
game. It's a waste of time.}  Rb3+ 0-1